000 01321nam0a2200265 i 4500
001 RU\NLR\bibl\857597
005 20240725220358.0
035 _a(NLR Aleph) 000846307
090 _a1451956
_c1451956
100 _a20051020d2005 |||y0rusy50 ca
101 0 _arus
102 _aRU
105 _aa dm |||||
200 1 _aРегиональные особенности снежного покрова лесостепи Приишимья
_e(на прим. юга Тюм. обл.)
_eавтореф. дис. на соиск. учен. степ. к.г.н.
_eспец. 25.00.23
_fШереметов Рашит Туракулович
_g[Ин-т водных и эколог. проблем СО РАН]
210 _aБарнаул
_d2005
215 _a19 с.
_cил.
_d21
320 _aБиблиогр.: с. 19 (11 назв.)
686 _a25.00.23
_2oksvnk
700 1 _aШереметов
_bР. Т.
_gРашит Туракулович
_4070
801 0 _aRU
_bNLR
_c20051020
_grcr
801 1 _aRU
_bNLR
_c20051020
942 _cBOOK
981 1 0 _a(10) Авторефераты
_b(10) 25.00.00 Науки о Земле
_b25.00.23 Физическая география и биогеография, география почв и геохимия ланшафтов